Podstata procesu sekuritizácie, jej história, formy a aktuálna situácia v rámci Európskej únie

Identifikácia základnej podstaty mimobilančnej sekuritizácie ako jednej z finančných inovácií, ktorá sa stala katalyzátorom pri rozširovaní vplyvov medzinárodnej finančnej krízy. Taktiež poukázanie na vývoj sekuritizácie v rámci Európskej únie a číselné zhodnotenie jednotlivých súčastí sekuritizovan...

ver descrição completa

Na minha lista:
Detalhes bibliográficos
Autor principal: Majerníková, Monika
Formato: Capítulo de Livro
Idioma:eslovaco
Assuntos:
Tags: Adicionar Tag
Sem tags, seja o primeiro a adicionar uma tag!

MARC

LEADER 00000nla a2200000 4500
001 0199270
005 20240502073353.0
041 0 |a slo 
044 |a SK 
245 1 0 |a Podstata procesu sekuritizácie, jej história, formy a aktuálna situácia v rámci Európskej únie  |c Monika Majerníková 
520 |a Identifikácia základnej podstaty mimobilančnej sekuritizácie ako jednej z finančných inovácií, ktorá sa stala katalyzátorom pri rozširovaní vplyvov medzinárodnej finančnej krízy. Taktiež poukázanie na vývoj sekuritizácie v rámci Európskej únie a číselné zhodnotenie jednotlivých súčastí sekuritizovaných finančných aktív v Európskej únii. Analýza bilančnej sekuritizácie na Slovensku v podobe hypotekárnych záložných listov. 
610 2 0 |a nástroje finančné 
610 2 0 |a sekuritizácia 
610 2 0 |a aktíva 
610 2 0 |a aktíva finančné 
610 2 0 |a papiere cenné 
610 2 0 |a Európska únia 
610 2 0 |a Slovensko 
100 1 |a Majerníková, Monika